[Event "AUT-chT (Women) 2324"]
[Site "Austria"]
[Date "2023.11.25"]
[Round "2.4"]
[White "Majkovski, Sarah"]
[Black "Kolba, Anastasiya"]
[Result "1/2-1/2"]
[WhiteElo "1630"]
[BlackElo "2027"]
[PlyCount "98"]
[EventDate "2023.11.24"]
[EventType "team-tourn"]
[EventRounds "9"]
[EventCountry "AUT"]
[SourceTitle "CB48_2023"]
[SourceDate "2023.11.29"]
[SourceVersion "1"]
[SourceVersionDate "2023.11.29"]
[SourceQuality "1"]
[WhiteTeam "Lienz (W)"]
[BlackTeam "Baden (W)"]
[WhiteTeamCountry "AUT"]
[BlackTeamCountry "AUT"]

1. e4 d6 2. d4 Nf6 3. e5 dxe5 4. dxe5 Qxd1+ 5. Kxd1 Ng4 6. Ke1 Nxe5 7. Bf4 Nbd7 8. Nc3 c6 9. Rd1 g6 10. Ne4 Bg7 11. h4 h5 12. Be2 Nb6 13. b3 Nd5 14. Bd2 Bf5 15. f3 a5 16. a4 Nf6 17. Nxf6+ Bxf6 18. Rc1 Nd7 19. Bf1 Bb2 20. Rb1 Be5 21. Rc1 Nc5 22. Ne2 Bb2 23. Bc3 Bxc1 24. Bxh8 Be3 25. Bd4 Bxd4 26. Nxd4 Bd7 27. Kd1 e5 28. Ne2 b5 29. axb5 cxb5 30. Nc3 Rb8 31. Nd5 Bc6 32. Ne3 f5 33. Be2 f4 34. Nf1 e4 35. fxe4 Nxe4 36. Kc1 Rc8 37. Rg1 Rd8 38. Kb2 Nd6 39. Bd3 Be4 40. Be2 b4 41. Nd2 Bf5 42. Rf1 Ne4 43. Nxe4 Bxe4 44. Rxf4 Bxg2 45. Rf6 Ke7 46. Rxg6 Be4 47. Rg3 Rd2 48. Re3 Rxc2+ 49. Ka1 Rc1+ 1/2-1/2

[Event "EU-ch rapid (Women)"]
[Site "Monte Carlo"]
[Date "2017.10.21"]
[Round "1"]
[White "Gunina, Valentina"]
[Black "Kolba, Anastasiya"]
[Result "1-0"]
[WhiteElo "2502"]
[BlackElo "1989"]
[PlyCount "73"]
[EventDate "2017.10.21"]
[EventType "swiss (rapid)"]
[EventRounds "11"]
[EventCountry "MNC"]
[SourceTitle "CBM 181 Extra"]
[Source "ChessBase"]
[SourceDate "2017.12.12"]
[SourceVersion "1"]
[SourceVersionDate "2017.12.12"]
[SourceQuality "1"]

1. e4 c5 2. Nf3 Nc6 3. Bb5 d6 4. d4 cxd4 5. Qxd4 Bd7 6. Qd3 e5 7. 0-0 Be7 8. c4 Nf6 9. Bg5 a6 10. Bxc6 Bxc6 11. Nc3 h6 12. Bxf6 Bxf6 13. Rfd1 Be7 14. Nd2 0-0 15. Nf1 Qc7 16. Ne3 Rad8 17. Ncd5 Qd7 18. Nf5 Bxd5 19. Qg3 g6 20. Rxd5 Kh7 21. Nxe7 Qxe7 22. Rad1 f5 23. exf5 Rxf5 24. c5 Rf6 25. h4 Re6 26. h5 gxh5 27. Qf3 h4 28. Qe4+ Kh8 29. Qe3 Rg8 30. cxd6 Qg7 31. Qe4 Rg6 32. Kh1 Rxg2 33. Qxe5 Rxf2 34. Qxg7+ Kxg7 35. Rg1+ Kf7 36. Rxg8 Kxg8 37. d7 1-0

[Event "UKR-ch U16 Girls"]
[Site "Lugansk"]
[Date "2010.03.24"]
[Round "2"]
[White "Kolba, Anastasiya"]
[Black "Bezkorovaina, Marija"]
[Result "1/2-1/2"]
[WhiteElo "1971"]
[BlackElo "1871"]
[PlyCount "135"]
[EventDate "2010.03.23"]
[EventType "tourn"]
[EventRounds "11"]
[EventCountry "UKR"]
[SourceTitle "CBM 135 Extra"]
[Source "ChessBase"]
[SourceDate "2010.05.04"]
[SourceVersion "1"]
[SourceVersionDate "2010.05.04"]
[SourceQuality "1"]

1. d4 Nf6 2. c4 e6 3. Nc3 Bb4 4. f3 b6 5. Bg5 h6 6. Bh4 Bb7 7. e4 Bxc3+ 8. bxc3 d6 9. Bd3 Nc6 10. Ne2 Qe7 11. Qa4 0-0-0 12. c5 dxc5 13. Bb5 Qe8 14. Rd1 a6 15. Bxa6 Nxd4 16. Qxe8 Nc2+ 17. Kf2 Rhxe8 18. Bd3 Na3 19. e5 g5 20. Bxg5 Ne4+ 21. Bxe4 hxg5 22. Ng3 Bd5 23. Nh5 Bxe4 24. fxe4 Nb5 25. Nf6 Rh8 26. Rxd8+ Rxd8 27. c4 Na3 28. Nh7 Nxc4 29. Nxg5 Nxe5 30. Nf3 Nxf3 31. Kxf3 c4 32. h4 b5 33. h5 b4 34. h6 c3 35. h7 Rh8 36. Ke3 c5 37. Kd3 Kd7 38. Kc2 Kd6 39. Rh5 f5 40. exf5 exf5 41. Kd3 Kc6 42. Kc4 c2 43. Rh6+ Kc7 44. Rh1 Kd6 45. Rc1 Rxh7 46. Rxc2 Kc6 47. Rf2 Rh4+ 48. Kb3 Rg4 49. Rxf5 Rg3+ 50. Kb2 Rxg2+ 51. Kb3 Kb5 52. Rh5 Rg3+ 53. Kb2 Rd3 54. Rg5 Kc4 55. Rg2 Rh3 56. Rc2+ Kb5 57. Rg2 c4 58. Rg8 Rh2+ 59. Kb1 Rh1+ 60. Kc2 Rh2+ 61. Kb1 Rh6 62. Rb8+ Rb6 63. Rh8 Ka4 64. Ra8+ Kb5 65. Rh8 Kc5 66. Rh5+ Kc6 67. Rh6+ Kb5 68. Rh8 1/2-1/2

[Event "UKR-ch U20 Girls"]
[Site "Ukraine"]
[Date "2010.??.??"]
[Round "5"]
[White "Kolba, Anastasiya"]
[Black "Kalinina, Marianna"]
[Result "1-0"]
[WhiteElo "1970"]
[BlackElo "1975"]
[PlyCount "63"]
[EventDate "2010.??.??"]
[EventType "swiss"]
[EventRounds "11"]
[EventCountry "UKR"]
[SourceTitle "EXT 2012"]
[Source "ChessBase"]
[SourceDate "2011.11.24"]
[SourceVersion "1"]
[SourceVersionDate "2011.11.24"]
[SourceQuality "1"]

1. d4 Nf6 2. c4 c5 3. d5 e6 4. Nc3 exd5 5. cxd5 d6 6. e4 g6 7. f4 Bg7 8. Nf3 0-0 9. Bd3 a6 10. a4 c4 11. Bc2 Re8 12. 0-0 Bg4 13. h3 Bxf3 14. Qxf3 Nbd7 15. Be3 Qc7 16. Bd4 Nxd5 17. Bxg7 Nb4 18. Bh6 Nxc2 19. Rac1 Nb4 20. Kh1 Qc5 21. e5 d5 22. Rcd1 d4 23. Ne4 Qb6 24. Nd6 Rec8 25. Qg4 Rc7 26. Qg5 Nd5 27. f5 Nxe5 28. fxg6 fxg6 29. Qxe5 Ne3 30. Qe6+ Kh8 31. Qf6+ Kg8 32. Qf8+ 1-0

[Event "UKR-ch U20 Girls"]
[Site "Ukraine"]
[Date "2010.??.??"]
[Round "1"]
[White "Tsirulnik, Maritsa"]
[Black "Kolba, Anastasiya"]
[Result "1/2-1/2"]
[WhiteElo "2135"]
[BlackElo "1970"]
[PlyCount "106"]
[EventDate "2010.??.??"]
[EventType "swiss"]
[EventRounds "11"]
[EventCountry "UKR"]
[SourceTitle "EXT 2012"]
[Source "ChessBase"]
[SourceDate "2011.11.24"]
[SourceVersion "1"]
[SourceVersionDate "2011.11.24"]
[SourceQuality "1"]

1. e4 c5 2. Nf3 Nc6 3. d4 cxd4 4. Nxd4 Nf6 5. Nc3 e5 6. Ndb5 d6 7. Bg5 a6 8. Na3 b5 9. Bxf6 gxf6 10. Nd5 Bg7 11. Bd3 Be6 12. c3 Bxd5 13. exd5 Ne7 14. Qg4 Kf8 15. Nc2 Qc8 16. Qxc8+ Rxc8 17. Ne3 Rc5 18. a4 Bh6 19. axb5 axb5 20. Ra5 Bxe3 21. fxe3 Nxd5 22. Rxb5 Rxb5 23. Bxb5 Nxe3 24. Kf2 Ng4+ 25. Kf3 f5 26. Bd7 Ke7 27. Bxf5 Nh6 28. Be4 f5 29. Bd5 Ng4 30. Ra1 Kf6 31. Ra6 Rd8 32. h3 e4+ 33. Ke2 Ne5 34. b4 Nd3 35. g3 Ke5 36. Ra5 f4 37. Bc4+ d5 38. Bxd3 exd3+ 39. Kxd3 fxg3 40. Ke3 Rc8 41. Ra3 h5 42. Kf3 h4 43. b5 Rf8+ 44. Kg2 Rf2+ 45. Kg1 Rb2 46. Ra4 Rxb5 47. Rxh4 Rc5 48. Kg2 Rxc3 49. Rg4 d4 50. Rxg3 d3 51. Kf2 d2 52. Rg5+ Kf6 53. Rd5 Rxh3 1/2-1/2

[Event "Kiev Independence Cup-A 9th"]
[Site "Kiev"]
[Date "2009.08.23"]
[Round "11"]
[White "Kolba, Anastasiya"]
[Black "Dzhangirov, Dmitry"]
[Result "1/2-1/2"]
[WhiteElo "1971"]
[BlackElo "2226"]
[PlyCount "123"]
[EventDate "2009.08.13"]
[EventType "swiss"]
[EventRounds "11"]
[EventCountry "UKR"]
[SourceTitle "CBM 131 Extra"]
[Source "ChessBase"]
[SourceDate "2009.09.03"]
[SourceVersion "2"]
[SourceVersionDate "2009.09.16"]
[SourceQuality "1"]

1. e4 e6 2. d4 d5 3. Nc3 Bb4 4. e5 c5 5. a3 Bxc3+ 6. bxc3 Qc7 7. Qg4 f5 8. Qg3 cxd4 9. cxd4 Ne7 10. Bd2 0-0 11. Bd3 b6 12. Ne2 Ba6 13. 0-0 Bxd3 14. cxd3 Nbc6 15. Rfc1 Qd7 16. h4 Rfc8 17. h5 Kf8 18. h6 g6 19. Qh4 Ng8 20. Nf4 Qe7 21. Qxe7+ Kxe7 22. Nxg6+ Kf7 23. Nf4 Nxd4 24. Be3 Nc2 25. Rab1 Nxh6 26. Nxd5 Ng4 27. Nb4 Nxb4 28. axb4 Nxe5 29. Rxc8 Rxc8 30. Ra1 a5 31. bxa5 bxa5 32. Rxa5 Nxd3 33. Ra7+ Kg6 34. Rd7 Ne5 35. Rd6 Rc6 36. Rd1 Nf7 37. f3 e5 38. Rd2 Nd6 39. Re2 f4 40. Bd2 Kf6 41. Be1 Nf5 42. Kh2 Rc1 43. Bf2 h5 44. g3 Nd4 45. Bxd4 exd4 46. Re4 fxg3+ 47. Kxg3 d3 48. Rd4 Rd1 49. Kf2 Kg5 50. Rd5+ Kh4 51. f4 Kg4 52. Rg5+ Kh4 53. Ke3 d2 54. Rg2 Rf1 55. Kxd2 Rxf4 56. Ke3 Rf8 57. Rf2 Re8+ 58. Kf3 Kh3 59. Rf1 Kh2 60. Rf2+ Kg1 61. Rg2+ Kh1 62. Rg5 1/2-1/2

[Event "Kiev Independence Cup-A 9th"]
[Site "Kiev"]
[Date "2009.08.18"]
[Round "6"]
[White "Kolba, Anastasiya"]
[Black "Feseniuk, Andriy"]
[Result "0-1"]
[WhiteElo "1971"]
[BlackElo "2151"]
[PlyCount "66"]
[EventDate "2009.08.13"]
[EventType "swiss"]
[EventRounds "11"]
[EventCountry "UKR"]
[SourceTitle "CBM 131 Extra"]
[Source "ChessBase"]
[SourceDate "2009.09.03"]
[SourceVersion "2"]
[SourceVersionDate "2009.09.16"]
[SourceQuality "1"]

1. d4 Nf6 2. c4 d6 3. Nf3 g6 4. Nc3 Nbd7 5. e4 e5 6. d5 Bg7 7. h3 0-0 8. Bg5 h6 9. Be3 a6 10. Bd3 Qe7 11. 0-0 Nc5 12. Bc2 b6 13. b4 Nb7 14. Rc1 Nh5 15. Qd2 Nf4 16. Na4 g5 17. c5 bxc5 18. bxc5 f5 19. cxd6 Nxd6 20. exf5 Bxf5 21. Bxf5 Rxf5 22. Bxf4 gxf4 23. g4 fxg3 24. fxg3 Raf8 25. Kg2 e4 26. Nh4 Rxf1 27. Rxf1 Rxf1 28. Kxf1 Qd7 29. Qc2 Qxh3+ 30. Qg2 Qd7 31. Qc2 Be5 32. Nc5 Qf7+ 33. Qf2 Qxf2+ 0-1

[Event "UKR-ch (Women)"]
[Site "Evpatoria"]
[Date "2009.05.24"]
[Round "2"]
[White "Kolba, Anastasiya"]
[Black "Mamedova, Leila"]
[Result "0-1"]
[WhiteElo "1845"]
[BlackElo "2003"]
[PlyCount "77"]
[EventDate "2009.05.23"]
[EventType "swiss"]
[EventRounds "9"]
[EventCountry "UKR"]
[SourceTitle "CBM 130 Extra"]
[Source "ChessBase"]
[SourceDate "2009.07.02"]
[SourceVersion "2"]
[SourceVersionDate "2009.07.15"]
[SourceQuality "1"]

1. e4 c5 2. Nc3 d6 3. f4 Nc6 4. Bb5 Bd7 5. Nf3 g6 6. 0-0 Bg7 7. a4 e6 8. d3 Nge7 9. Ne2 0-0 10. c3 a6 11. Bc4 d5 12. Bb3 dxe4 13. dxe4 Na5 14. Bc2 Qc7 15. Ng3 Rfd8 16. Qe2 Qb6 17. Qf2 Rac8 18. Ne5 Be8 19. b4 Nac6 20. Nc4 Qc7 21. e5 cxb4 22. Nd6 Rxd6 23. exd6 Qxd6 24. Ne4 Qc7 25. Be3 Nd5 26. Bc5 b6 27. Bd6 Qd8 28. Rad1 f5 29. c4 fxe4 30. cxd5 Nd4 31. Rxd4 Rxc2 32. Qxc2 Bxd4+ 33. Kh1 Qxd6 34. Rd1 Qxd5 35. Qc8 Kf8 36. Qxa6 e3 37. h3 b3 38. Qd3 b2 39. Qa3+ 0-1

[Event "UKR-ch U16 Girls"]
[Site "Odessa"]
[Date "2009.03.27"]
[Round "9"]
[White "Kolba, Anastasiya"]
[Black "Gonchar, Mariya"]
[Result "1-0"]
[WhiteElo "1845"]
[BlackElo "1951"]
[PlyCount "137"]
[EventDate "2009.03.19"]
[EventType "tourn"]
[EventRounds "11"]
[EventCountry "UKR"]
[SourceTitle "CBM 129 Extra"]
[Source "ChessBase"]
[SourceDate "2009.05.05"]
[SourceVersion "2"]
[SourceVersionDate "2009.05.20"]
[SourceQuality "1"]

1. e4 c5 2. Nc3 Nc6 3. Bb5 Nd4 4. Bc4 d6 5. Nge2 Nf6 6. d3 e5 7. Nxd4 cxd4 8. Ne2 Be7 9. 0-0 0-0 10. f4 Be6 11. Ng3 Rc8 12. Bxe6 fxe6 13. f5 exf5 14. Nxf5 d5 15. exd5 Nxd5 16. Qg4 Bf6 17. Bh6 Rc7 18. Rac1 Kh8 19. Bd2 Qc8 20. Qd1 Be7 21. Nxe7 Rxe7 22. c4 Rxf1+ 23. Qxf1 Nf6 24. Bg5 Rf7 25. Re1 Qc7 26. Qf5 h6 27. Bxf6 Rxf6 28. Qxe5 Qxe5 29. Rxe5 Kg8 30. Rd5 Rb6 31. b3 Ra6 32. a4 Rb6 33. Rb5 Re6 34. Rxb7 Re3 35. c5 Rxd3 36. c6 Rc3 37. c7 Kh7 38. Kf2 a5 39. Ke2 Kg6 40. Kd2 Kf6 41. Rb5 Rxc7 42. Rxa5 Ke6 43. Rb5 Rf7 44. Ke1 Kd6 45. a5 Kc6 46. Rb6+ Kc5 47. b4+ Kc4 48. a6 Re7+ 49. Kd2 d3 50. b5 Re2+ 51. Kd1 Rxg2 52. a7 Rg1+ 53. Kd2 Rg2+ 54. Ke3 Re2+ 55. Kf4 g5+ 56. Kf5 Ra2 57. Ra6 Rxa6 58. bxa6 d2 59. a8Q d1Q 60. Qc6+ Kb4 61. Qb7+ Kc5 62. a7 Qd3+ 63. Kf6 Qd4+ 64. Ke6 Qd6+ 65. Kf7 Qf4+ 66. Ke8 Qa4+ 67. Ke7 Qd4 68. Qc8+ Kb6 69. a8Q 1-0